000 01171nam a2200289 c 4500
999 _c49219
_d49219
003 BLK
005 20230406134141.0
008 180408b bul|||||r ||||||| ||bul||
010 _aKNG00053069000
040 _aBLK
041 _aBUL
_cBUL
080 _aБългарска литература
_b821.163.2
_x-31
_z821.163.2-31
100 1 _aГалина, Лада
_eпърви автор
_gГабровска-Каранфилова, Ганка Славова
_9365607
139 _aГалина, Лада
_bГ 18
245 1 0 _aИскам да ти разкажа
_bРоман
_cЛада Галина
257 _aBGR
260 _bПрофиздат
_c1981
300 _a172 с.
_c20 см
380 _aX
500 _aИмето на авт. Ганка Славова Габровска-Каранфилова. - 16 150 тир.
700 1 _aГабровска-Каранфилова, Ганка Славова
_9275303
852 _aЦб 108764
_bЦб
856 4 _qpdf
_i0.00
_ldisable
856 4 _qpdf
_i0.00
_ldisable
942 _cKNG
_n0
_03
_s1
944 _aCR
_c13.09.2016
_kКети_Илиева
944 _aED
_c13.09.2016
_kКети_Илиева
999 _d49219